Период полураспада: роман, рассказы

Bibliografiske detaljer
Hovedforfatter: Бураковский А. З. Александр Залманович
Summary:Исключено из фонда НТБ ТПУ
Sprog:russisk
Udgivet: Киев, Радянськый пысьмэннык, 1991
Format: MixedMaterials Bog
KOHA link:https://koha.lib.tpu.ru/cgi-bin/koha/opac-detail.pl?biblionumber=133810

MARC

LEADER 00000nam0a2200000 4500
001 133810
005 20231031135438.0
010 |a 5333007071 
035 |a (RuTPU)RU\TPU\book\145030 
090 |a 133810 
100 |a 20080320d1991 m y0rusy50 ca 
101 0 |a rus 
102 |a UA 
105 |a a z 000zy 
200 1 |a Период полураспада  |e роман, рассказы  |f А. З. Бураковский 
210 |a Киев  |c Радянськый пысьмэннык  |d 1991 
215 |a 368 с.  |c ил. 
333 |a Исключено из фонда НТБ ТПУ 
700 1 |a Бураковский  |b А. З.  |g Александр Залманович 
801 1 |a RU  |b 63413507  |c 20080320  |g PSBO 
801 2 |a RU  |b 63413507  |c 20170906  |g PSBO 
942 |c BK